Internet Invitational Participants - Statistics

General Stats
  • This quiz has been taken 23 times
  • The average score is 34 of 50
Answer Stats
Tier Answer % Correct
C Beef
100%
A Brad Dalke
100%
D Bob Berger
93%
C Chaz
93%
B Fat Perez
93%
A Garrett Clark
93%
A George Bryan
93%
B Malosi
93%
B Paige Spiraniac
93%
A Wesley Bryan
93%
Rules Big Cat
86%
C Bubbie
86%
Rules Dave Portnoy
86%
C Frankie Borrelli
86%
A Grant Horvat
86%
D Joey Cold Cuts
86%
A Luke Kwon
86%
A Micah Morris
86%
C Riggs
86%
G The Duke
86%
C Francis Ellis
79%
B Roger Steele
79%
C Gabby Golf Girl
71%
F Josh Richards
71%
N/A Lacey Snell
71%
B Matt Scharff
64%
E Paul Bissonnette
64%
A Peter Finch
64%
D Trent Ryan
64%
C Andrew Austen
57%
D Jon Gruden
57%
F PFT
57%
B Rick Shiels
57%
G Sketch
57%
E The Jet
57%
C Andrew Santino
50%
B Dod King
50%
C Keith Yandle
50%
B Kyle Berkshire
50%
E Chandler Hallow
43%
B Mac Boucher
43%
B Mason Nutt
43%
B Sara Winter
43%
C Claire Hogle
36%
C Ryan Witney
36%
B Cole Lantz
29%
D Daltoosh
29%
B Jake Adams
29%
D Nadeshot
29%
B Josh Kelley
21%
No matching quizzes found
Score Distribution
Percent of People with Each Score
Percentile by Number Answered
Your Score History
You have not taken this quiz